Well-Known Movie by Tough Image II Quiz Stats

 Plays Quiz Updated Jul 4, 2015

Challenge
Share
Tweet
Score 0/24 Timer 08:00
6 Plays Today
% Correct
The Godfather
71.8%
Pirates of the Caribbean: The Curse of the Black Pearl
70.6%
The Incredibles
70%
Men in Black
67.8%
Titanic
53.7%
I Am Legend
52.1%
Anchorman: The Legend of Ron Burgundy
48.7%
Beetlejuice
47.9%
WALL-E
45.7%
The Lord of the Rings: The Return of the King
43.5%
Charlie and the Chocolate Factory
43.2%
Mrs. Doubtfire
42.4%
% Correct
Groundhog Day
40.4%
Star Trek
39.7%
Inception
39.7%
Terminator 2: Judgment Day
37.9%
Napoleon Dynamite
36.7%
Schindler's List
35.9%
One Flew Over the Cuckoo's Nest
34.8%
Wedding Crashers
34.3%
The Matrix
34.1%
Kill Bill: Vol. 1
31.6%
First Blood
26.7%
Lost in Translation
18.9%

You're not logged in!

Compare scores with friends on all Sporcle quizzes.
Join for Free
OR
Log In

You Might Also Like...

Show Comments

Extras

Top Quizzes Today


Score Distribution

Your Account Isn't Verified!

In order to create a playlist on Sporcle, you need to verify the email address you used during registration. Go to your Sporcle Settings to finish the process.

Report this User

Report this user for behavior that violates our Community Guidelines.

Details: